सत्ता, समाज और शिक्षा / (Record no. 16950)
[ view plain ]
| 000 -LEADER | |
|---|---|
| fixed length control field | 01381nam a22003017a 4500 |
| 005 - DATE AND TIME OF LATEST TRANSACTION | |
| control field | 20081021100252.0 |
| 008 - FIXED-LENGTH DATA ELEMENTS--GENERAL INFORMATION | |
| fixed length control field | 081021t xxu||||| |||| 00| 0 hin d |
| 010 ## - LCCN (DPL NO) | |
| LC control number | HIN-84477 |
| 020 ## - INTERNATIONAL STANDARD BOOK NUMBER | |
| International Standard Book Number | 8190218085 |
| Terms of availability | 250.00 |
| 035 ## - SYSTEM CONTROL NUMBER | |
| System control number | HN-56823 |
| 037 ## - SOURCE OF ACQUISITION | |
| Source of stock number/acquisition | DBAD / PUB |
| 040 ## - CATALOGING SOURCE | |
| Original cataloging agency | DPL |
| Language of cataloging | HN |
| 082 ## - DEWEY DECIMAL CLASSIFICATION NUMBER | |
| Classification number | 370.115 |
| 100 ## - MAIN ENTRY--PERSONAL NAME | |
| Personal name | सुरेश पंडित |
| 245 ## - TITLE STATEMENT | |
| Title | सत्ता, समाज और शिक्षा / |
| Statement of responsibility, etc | सुरेश पंडित |
| 246 ## - VARYING FORM OF TITLE | |
| Title proper/short title | Satta, samaaja aur shikshaa |
| Remainder of title | by Suresh Pandit |
| 260 ## - PUBLICATION, DISTRIBUTION, ETC. (IMPRINT) | |
| Place of publication, distribution, etc | दिल्ली |
| Name of publisher, distributor, etc | खुराना पब्लिशिंग हाउस |
| Date of publication, distribution, etc | 2008 |
| 270 ## - ADDRESS | |
| Address | द्वितीय तल, 94, मानक विहार |
| City | दिल्ली |
| Postal code | 110092 |
| 300 ## - PHYSICAL DESCRIPTION | |
| Extent | 192पृ |
| Dimensions | 22सेमी (सजिल्द) |
| 650 ## - SUBJECT ADDED ENTRY--TOPICAL TERM | |
| Topical term or geographic name as entry element | शिक्षा |
| General subdivision | सामाजिक पहलू |
| 650 ## - SUBJECT ADDED ENTRY--TOPICAL TERM | |
| Topical term or geographic name as entry element | Education |
| General subdivision | Social aspects |
| 651 ## - SUBJECT ADDED ENTRY--GEOGRAPHIC NAME | |
| Geographic name | भारत |
| General subdivision | राजनीति और सरकार |
| 651 ## - SUBJECT ADDED ENTRY--GEOGRAPHIC NAME | |
| Geographic name | India |
| General subdivision | Politics and Government |
| 651 ## - SUBJECT ADDED ENTRY--GEOGRAPHIC NAME | |
| Geographic name | भारत |
| General subdivision | सभ्यता |
| 651 ## - SUBJECT ADDED ENTRY--GEOGRAPHIC NAME | |
| Geographic name | India |
| General subdivision | Civilization |
| 942 ## - ADDED ENTRY ELEMENTS (KOHA) | |
| Source of classification or shelving scheme | Dewey Decimal Classification |
| Item type | Hindi Books |
| Call number suffix | सुरेश |
| Classification part | 370.115 |
| Withdrawn status | Lost status | Source of classification or shelving scheme | Damaged status | Not for loan | Collection code | Home library | Current library | Date acquired | Source of acquisition | Cost, normal purchase price | Total Checkouts | Full call number | Barcode | Date last seen | Copy number | Cost, replacement price | Koha item type |
|---|---|---|---|---|---|---|---|---|---|---|---|---|---|---|---|---|---|
| Dewey Decimal Classification | Not For Loan | Non-fiction | D.B.Act.Division | D.B.Act.Division | 21/10/2008 | DBAD / PUB | 250.00 | 370.115 सुरेश | HN-56823 | 21/10/2008 | 1 | 250.00 | Hindi Books |
